| 000 | 00000nam 2200000za 4500 |
| 001 | 9.661221 |
| 003 | CaOODSP |
| 005 | 20230501150451 |
| 007 | ta |
| 008 | 150407|1999||||xxc||||| f|0| 0 eng d |
| 020 | |a0-662-64395-X |
| 040 | |aCaOODSP|beng |
| 041 | |aeng |
| 041 | |afre |
| 043 | |an-cn--- |
| 086 | 1 |aC2-451/1999 |
| 110 | 1 |aCanada. |bIndustry Canada. |
| 245 | 10|aReady for year 2000 -- a practical guide for small and medium-sized businesses / |cTask Force Year 2000 Secretariat. |
| 260 | |aOttawa - Ontario : |bIndustry Canada |c1999. |
| 300 | |aEnglish text, 40p. : |btables ; |c22 cm. |
| 500 | |a"This booklet provides an overview of the problem and guidance -- for CGAs and for small and medium-sized enterprises -- on how to develop and manage a Y2K remediation plan."--Page 3. |
| 520 | 3 |aThis booklet provides an overview of the problem and guidance -- for CGAs and for small and medium-sized enterprises -- on how to develop and manage a Y2K remediation plan.--Page 3 |
| 546 | |aBilingual |
| 563 | |aSoftcover |
| 590 | |a99-40|b1999-10-08 |
| 690 | 07|aBusinesses|2gcpds |
| 690 | 07|aEmergency preparedness|2gcpds |
| 776 | 0#|tReady for year 2000 : |w(CaOODSP)9.922124 |
| 792 | |tObjectif 2000 -- un guide pratique pour les PME [petites et moyennes entreprises] / |efre|w(CaOODSP)9.661222 |
| 986 | |a52847B |